[Event "Mar del Plata op 39th"]
[Site "Mar del Plata"]
[Date "2008.03.16"]
[Round "3"]
[White "Urresti, Alejandro"]
[Black "Sagrera, Marcos"]
[Result "0-1"]
[WhiteElo "2048"]
[BlackElo "1916"]
[PlyCount "56"]
[EventDate "2008.03.15"]
[EventType "swiss"]
[EventRounds "9"]
[EventCountry "ARG"]
[SourceTitle "CBM 123 Extra"]
[Source "ChessBase"]
[SourceDate "2008.05.06"]
[SourceVersion "1"]
[SourceVersionDate "2008.05.06"]
[SourceQuality "1"]

1. Nf3 d5 2. d4 Nf6 3. g3 e6 4. Bg2 Be7 5. 0-0 0-0 6. Bf4 c5 7. c3 Nc6 8. Re1 Qb6 9. Nbd2 cxd4 10. cxd4 Nxd4 11. Nxd4 Qxd4 12. Qc2 Qb6 13. e4 dxe4 14. Nxe4 Bd7 15. Rad1 Rac8 16. Qd2 Nxe4 17. Rxe4 Bc6 18. Rd4 Bc5 19. Rd3 Bb5 20. Rb3 Rfd8 21. Qc2 Bxf2+ 22. Qxf2 Rxd1+ 23. Bf1 Rxf1+ 24. Kg2 Rxf2+ 25. Kh3 Bf1+ 26. Kg4 f5+ 27. Kh4 Qd8+ 28. Bg5 Rxh2# 0-1

[Event "Mar del Plata op 39th"]
[Site "Mar del Plata"]
[Date "2008.03.15"]
[Round "1"]
[White "Roselli Mailhe, Bernardo"]
[Black "Sagrera, Marcos"]
[Result "1-0"]
[WhiteElo "2420"]
[BlackElo "1916"]
[PlyCount "67"]
[EventDate "2008.03.15"]
[EventType "swiss"]
[EventRounds "9"]
[EventCountry "ARG"]
[SourceTitle "CBM 123 Extra"]
[Source "ChessBase"]
[SourceDate "2008.05.06"]
[SourceVersion "1"]
[SourceVersionDate "2008.05.06"]
[SourceQuality "1"]

1. d4 e6 2. c4 d5 3. Nc3 Be7 4. cxd5 exd5 5. Bf4 Nf6 6. e3 0-0 7. Bd3 Be6 8. Nf3 Nbd7 9. h3 c5 10. 0-0 a6 11. a4 Qb6 12. Qd2 Rac8 13. a5 Qc6 14. dxc5 Nxc5 15. Nd4 Qd7 16. Bc2 Bd6 17. Bxd6 Qxd6 18. Nde2 Rfd8 19. Rfd1 Qe5 20. Qd4 Qb8 21. Qf4 b6 22. Qxb8 Rxb8 23. b4 Ncd7 24. b5 Nc5 25. Nd4 Rdc8 26. Nc6 Rb7 27. Nd4 axb5 28. Ncxb5 Ra8 29. axb6 Rab8 30. Nc6 Rc8 31. Nd6 Rxc6 32. Ra8+ Bc8 33. Nxc8 Ne8 34. Nd6 1-0

[Event "Lausanne op"]
[Site "Lausanne"]
[Date "2007.09.17"]
[Round "6"]
[White "Sagrera, Marcos"]
[Black "Pahud, Cedric"]
[Result "0-1"]
[WhiteElo "1977"]
[BlackElo "2129"]
[PlyCount "88"]
[EventDate "2007.09.14"]
[EventType "swiss"]
[EventRounds "7"]
[EventCountry "SUI"]
[SourceTitle "CBM 120 Extra"]
[Source "ChessBase"]
[SourceDate "2007.11.01"]
[SourceVersion "1"]
[SourceVersionDate "2007.11.01"]
[SourceQuality "1"]

1. d4 c5 2. d5 Nf6 3. c4 b5 4. cxb5 a6 5. b6 e6 6. Nc3 Nxd5 7. Nxd5 exd5 8. Qxd5 Nc6 9. e4 Be7 10. Nf3 Rb8 11. Be2 Rxb6 12. 0-0 0-0 13. Rb1 d6 14. Qd1 Be6 15. b3 Qc7 16. Be3 Rd8 17. Qc1 Rb4 18. Qc2 Qb7 19. Bd2 Rb6 20. Bc4 Nb4 21. Bxb4 Bxc4 22. bxc4 cxb4 23. Qd3 Bf6 24. Rfd1 Qc7 25. Rbc1 Rc8 26. Nd2 Rc6 27. Rc2 a5 28. a3 g6 29. Rdc1 Bc3 30. axb4 axb4 31. g3 Qa7 32. Nb1 Rxc4 33. Nxc3 Rxc3 34. Rxc3 Rxc3 35. Rxc3 Qa1+ 36. Kg2 bxc3 37. Qd4 Qa3 38. Qc4 Qc5 39. Qb3 c2 40. Qb8+ Kg7 41. Qb2+ Kf8 42. Qc1 Qc4 43. Kf3 Qd3+ 44. Kf4 Qd1 0-1